[Event "Pan American-ch Amateur U1700"]
[Site "San Jose"]
[Date "2019.10.23"]
[Round "1.1"]
[White "Osorio Castanon, Juan Gera"]
[Black "Ramirez Aguilar, Julian"]
[Result "1-0"]
[WhiteElo "1667"]
[BlackElo "1212"]
[PlyCount "59"]
[EventDate "2019.10.23"]
[EventType "swiss"]
[EventRounds "9"]
[EventCountry "CRI"]
[SourceTitle "EXT 2024"]
[Source "ChessBase"]
[SourceDate "2023.10.10"]
[SourceVersion "1"]
[SourceVersionDate "2023.10.10"]
[SourceQuality "1"]

1. e4 c5 2. f4 Nc6 3. Nf3 d6 4. h3 g6 5. c3 Bg7 6. Be2 Nf6 7. d3 e6 8. Be3 b6 9. Nbd2 d5 10. e5 Ng8 11. d4 c4 12. Nh2 Qh4+ 13. Kf1 Qg3 14. Ndf3 Nge7 15. Qd2 Bh6 16. Ng4 Nf5 17. Nxh6 Nxe3+ 18. Qxe3 Ne7 19. Ng4 Nf5 20. Qd2 h5 21. Nf6+ Kf8 22. h4 b5 23. Rh3 Qxh3 24. gxh3 a5 25. Kf2 Rb8 26. Bd1 a4 27. Bc2 Ne7 28. b3 axb3 29. axb3 Nc6 30. b4 1-0